000 02019cam a22003374a 4500
001 52517047
003 OCoLC
005 20241227205441.0
008 020513s2003 nyua 000 0 eng
010 _a2002106702
020 _a0764123947
040 _aDLC
_cDLC
_dCCS
_dOCL
041 0 _aeng
_afre
042 _apcc
050 0 0 _aPC2689
_b.H47 2003
100 1 _aFischer, Wolfgang.
245 1 0 _aMastering French vocabulary :
_ba thematic approach /
_cWolfgang Fischer and Anne-Marie Le Plouhinec ; [English translation by Kathleen Luft].
250 _a2nd ed.
260 _aHauppauge, NY :
_bBarron's,
_cc2003.
300 _a545 p. :
_bill. ;
_c21 cm.
500 _aEnglish and French.
500 _aBased on Thematischer Grund- und Aufbauwortschatz Französisch. Stuttgart : E. Klett, 2000.
500 _aFirst ed. by Reinhild Herrmann and Rainer Rauch. c1995.
505 0 _aForeword -- List of abbreviations -- Personal information -- The human body -- Health and medicine -- Mental proceses and states, behavior -- Food and drink, clothing, shopping -- Living arrangements -- Private life, social relations -- Education, learning -- Occupations and the job world -- Leisure time, recreation, sports, and games -- Travel and tourism -- Visual arts, music, literature -- History, religion, philosophy -- The state, society, politics -- The economy and business -- Communications and mass media -- Traffic, means of transportation -- Nature, the environment, ecology -- Time and space -- Colors and shapes -- Quantities, measures, numbers -- General concepts -- Linguistic communication -- Structural words -- Index of all French entries -- List of phonetic symbols used in this book.
650 0 _aFrench language
_vTextbooks for foreign speakers
_xEnglish.
650 0 _aFrench language
_vGlossaries, vocabularies, etc.
650 0 _aFrench language
_vDictionaries
_xEnglish.
700 1 _aLe Plouhinec, Anne-Marie.
700 1 _aHerrmann, Reinhild.
_tMastering French vocabulary.
942 _2ddc
_cBK
_n0
999 _c175
_d175